Top 10 Football Clubs by Market Value - Statistics

General Stats
  • This quiz has been taken 118 times
  • The average score is 9 of 10
Answer Stats
Football Club Market Value($M) % Correct
Real Madrid $4,750
99%
Barcelona $4,760
97%
Manchester United $4,200
97%
Liverpool $4,100
96%
Chelsea $3,200
95%
Bayern Munich $4,220
94%
Arsenal $2,800
93%
PSG $2,500
87%
Manchester City $4,000
82%
Tottenham $2,300
71%
No matching quizzes found
Score Distribution
Percent of People with Each Score
Percentile by Number Answered
Your Score History
You have not taken this quiz